00926nam a2200253 i 450000100060000000300090000600500170001500700030003200800410003502000180007608000140009410000350010824500620014324600850020525000320029026000310032230000220035349000490037565000300042483000570045485200220051199900170053395201220055012581ES-MaACL20250729062618.0t|930203s1992 sp |||| | spa j a84-309-2247-4 a32(075.8)1 aFerrando Badía, Juan.95028710aEstudios de ciencia política / cJuan Ferrando Badía.3 iTít. de anteport.aEstudios de ciencia política y de teoría constitucional a4ª ed. corr. y completada. aMadrid : bTecnos, c1992. a818 p. ; c24 cm.1 aBiblioteca universitaria de Editorial Tecnos 7aPolítica2embne91403450 aBiblioteca universitaria de Editorial Tecnos9178819 aES-MaACLjL-19859 c12581d12581 00104070aATENEOMbATENEOMcDEPO2d2008-01-17eSCl0oL-19859p1012817r2023-02-23 00:00:00w2023-02-23yMONOGRAFIA